000 00561nam a2200181Ia 4500
008 090124s9999 xx 000 0 und d
082 _b16187
_a637
100 _aपांडे वसुधा
245 _a मुलांचे मत्स्यालय
250 _a1
260 _c1967
300 _a64
600 _aपांडे वसुधा
630 _a मुलांचे मत्स्यालय
700 _aपांडे वसुधा
730 _a मुलांचे मत्स्यालय
942 _cBOOK
999 _c130127
_d130127